Experimental methods for engineers / (Record no. 2528)
[ view plain ]
| 000 -LEADER | |
|---|---|
| fixed length control field | 01007nac a22002771u 4500 |
| 010 ## - LIBRARY OF CONGRESS CONTROL NUMBER | |
| LC control number | 00036059 |
| 020 ## - INTERNATIONAL STANDARD BOOK NUMBER | |
| International Standard Book Number | 0792379470 |
| 020 ## - INTERNATIONAL STANDARD BOOK NUMBER | |
| International Standard Book Number | 0071181652 |
| 020 ## - INTERNATIONAL STANDARD BOOK NUMBER | |
| International Standard Book Number | 9780070647763 : |
| 020 ## - INTERNATIONAL STANDARD BOOK NUMBER | |
| International Standard Book Number | 0070647763 : |
| 082 00 - DEWEY DECIMAL CLASSIFICATION NUMBER | |
| Classification number | 620.0078 |
| Item number | HOL |
| 090 ## - LOCALLY ASSIGNED LC-TYPE CALL NUMBER (OCLC); LOCAL CALL NUMBER (OCLC) | |
| -- | 2528 |
| -- | 2528 |
| 100 ## - MAIN ENTRY--PERSONAL NAME | |
| Personal name | Holman, J. P. |
| 245 10 - TITLE STATEMENT | |
| Title | Experimental methods for engineers / |
| Statement of responsibility, etc | J.P. Holman. |
| 250 ## - EDITION STATEMENT | |
| Edition statement | 7th ed. |
| Remainder of edition statement | International edxviiition |
| 260 ## - PUBLICATION, DISTRIBUTION, ETC. (IMPRINT) | |
| Place of publication, distribution, etc | Boston : New Delhi : |
| Name of publisher, distributor, etc | McGraw-Hill,2001 |
| Date of publication, distribution, etc | c2001. |
| 300 ## - PHYSICAL DESCRIPTION | |
| Extent | xviii, 697 p.: |
| Other physical details | ill. ; |
| Dimensions | 24 cm. |
| 440 #0 - | |
| -- | McGraw-Hill series in mechanical engineering |
| 500 ## - GENERAL NOTE | |
| General note | One copy is an special Indian edition, 664 Pages and distributed by Al Magmoa Al Elmeya |
| 504 ## - BIBLIOGRAPHY, ETC. NOTE | |
| Bibliography, etc | Includes bibliographical references and index. |
| 511 ## - PARTICIPANT OR PERFORMER NOTE | |
| Participant or performer note | Catalogued by: Sara |
| 650 #0 - SUBJECT ADDED ENTRY--TOPICAL TERM | |
| Topical term or geographic name as entry element | Engineering |
| Form subdivision | Laboratory manuals. |
| 650 #0 - SUBJECT ADDED ENTRY--TOPICAL TERM | |
| Topical term or geographic name as entry element | Engineering instruments. |
| 942 ## - ADDED ENTRY ELEMENTS (KOHA) | |
| Item type | Book - Borrowing |
| Call number prefix | 620.0078HOL |
| Withdrawn status | Item status | Damaged status | Not for loan | Home library | Current library | Shelving location | Date acquired | Source of acquisition | Total Checkouts | Total Renewals | Full call number | Barcode | Date last seen | Date last borrowed | Koha item type | Cost, replacement price |
|---|---|---|---|---|---|---|---|---|---|---|---|---|---|---|---|---|
| Central Library | Central Library | First floor | 22/02/2007 | Purchase | 3 | 1 | 620.0078HOL | 000001509 | 15/07/2025 | 12/01/2017 | Book - Borrowing | |||||
| Central Library | Central Library | First floor | 22/02/2007 | Purchase | 620.0078HOL | 000010776 | 15/07/2025 | Book - Borrowing | 150.00 |